000 00743nam a2200241 a 4500
999 _c2304
_d2304
003 OSt
005 20210708070858.0
008 831122s1980 ii b 001 0 eng
020 _a0070965277 :
040 _cALUPE UNIVERSITY
050 0 0 _aTD420
_b.M34 1981
100 1 _aMahida, U. N.
245 1 0 _aWater pollution and disposal of waste water on land /
_cU.N. Mahida.
260 _aNew Delhi :
_bTata McGraw-Hall,
_c[1980]
300 _axv, 325 p. ;
_c25 cm.
504 _aIncludes bibliographical references and index.
650 0 _aWater
_xPollution.
650 0 _aSewage irrigation.
650 0 _aSewage disposal.
650 0 _aFactory and trade waste.
906 _a7
_bcbc
_corignew
_d3
_encip
_f19
_gy-gencatlg
942 _2lcc
_cBK
_nPW